|
|
|
|
| LEADER |
00748cam a2200205 7i4500 |
| 001 |
0000042786 |
| 005 |
20120612090000.0 |
| 020 |
|
|
|a 9780023402739
|
| 020 |
|
|
|a 0023402733 (pbk.)
|
| 090 |
0 |
0 |
|a HG4026
|b .H56 1997
|
| 100 |
0 |
|
|a Hine, Susan
|
| 245 |
1 |
0 |
|a Test item file for financial management : principles and practice
|c Susan Hine.
|
| 260 |
|
|
|a Upper Saddle River, N.J.:
|b Prentice-Hall International,
|c 1997.
|
| 300 |
|
|
|a iv, 220 p.;
|c 28 cm.
|
| 500 |
|
|
|a Gift
|
| 500 |
|
|
|a To accompany "Financial management : principles and practice / Timothy J. Gallagher, Joseph D. Andrew Jr."
|
| 650 |
0 |
0 |
|a Corporations --
|x Finance
|
| 700 |
1 |
|
|a Andrew, Joseph D
|
| 700 |
1 |
|
|a Gallagher, Timothy J
|
| 999 |
|
|
|a 0000053707
|b BOK
|c OPEN SHELF
|e 1st Floor, Shah Alam
|